000 00470nam a2200181Ia 4500
001 4897
005 20260306145828.0
008 260306t1991||||xx |||||||||||||| ||spa||
041 _aESP
082 _a331.1
_bT68
100 _aToledo, Alejandro (ed.)
_eAUT
245 0 _aLas otras caras de la sociedad informal:
_buna visión multidisciplinaria
260 _c1991
300 _a539 páginas :
_c20 cm.
650 _aGEN
654 _aCAN
942 _cLIB
_dJUS
_fJUS
_2ddc
_n
999 _c4897
_d4897